| 000 | 00718nam a2200301Ia 4500 | ||
|---|---|---|---|
| 008 | 210210b2018 xxu||||| |||| 00| 0 eng d | ||
| 020 | _a9789387957015 | ||
| 041 | _aeng | ||
| 082 | _a657.46 SINT | ||
| 100 | _aSINGHANIA (Vinod K) | ||
| 245 | _aTaxmann students guide to income tax including GST 2018-19 Ed 59 | ||
| 260 |
_aNew Delhi _bTaxmann Publications (P.) Ltd _c2018 |
||
| 300 | _axvi,896 | ||
| 650 | _ato | ||
| 650 | _aTaxmann | ||
| 650 | _atax | ||
| 650 | _astudents | ||
| 650 | _aincome | ||
| 650 | _aincluding | ||
| 650 | _aguide | ||
| 650 | _aGST | ||
| 650 | _aEd | ||
| 650 | _a59 | ||
| 650 | _a2018-19 | ||
| 690 | _aIncome Tax | ||
| 700 | _aSINGHANIA (Monica) | ||
| 906 | _a072463 | ||
| 999 |
_c122307 _d122307 |
||